000 00277nam a22001097a 4500
020 _a9798178886502
082 _a660.6
_bMUR/GR
100 _aMurray, David Christie
245 _aGreen biotechnology
260 _aNew Delhi
_bDominant Publishers & Distributors
_c2011
942 _cBK
999 _c13969
_d13969